INDIA: THE SIEGE WITHIN (Record no. 29213)

MARC details
000 -LEADER
fixed length control field 00275nam a22001337a 4500
003 - CONTROL NUMBER IDENTIFIER
control field SGT
020 ## - INTERNATIONAL STANDARD BOOK NUMBER
International Standard Book Number 9780140075762
082 ## - DEWEY DECIMAL CLASSIFICATION NUMBER
Classification number 954
Item number I85A
100 ## - MAIN ENTRY--PERSONAL NAME
Personal name AKBAR, M.J.
245 ## - TITLE STATEMENT
Title INDIA: THE SIEGE WITHIN
260 ## - PUBLICATION, DISTRIBUTION, ETC. (IMPRINT)
Name of publisher, distributor, etc PENGUIN BOOKS
Year of Publication 1985
300 ## - PAGE DESCRIPTION
No. of Pages 325
942 ## - ADDED ENTRY ELEMENTS (KOHA)
Source of classification or shelving scheme Dewey Decimal Classification
Koha item type Books
Holdings
Withdrawn status Lost status Source of classification or shelving scheme Damaged status Not for loan Home library Current library Shelving location Date acquired SGTU Total Checkouts Full call number Accession No. (Barcode) Date last seen Bill Date Koha item type
    Dewey Decimal Classification   Not For Loan SGT Chancellor's Library SGT Chancellor's Library Reference Book 22/01/2025 SGTU   954 I85A CH1874 22/01/2025 22/01/2025 Books